Perspectivas de la paz en centroamérica 1990-1991

Gespeichert in:
Bibliographische Detailangaben
1. Verfasser: Salguero, Martha Elena
Körperschaft: FLACSO
Format: Text
Veröffentlicht: Guatemala: FLACSO
Tags: Tag hinzufügen
Keine Tags, Fügen Sie den ersten Tag hinzu!

MARC

LEADER 00000 a a2200000 04500
001 25779
003
040
090 |a 174000  
100 |a Salguero, Martha Elena  
110 |a FLACSO  
245 |a Perspectivas de la paz en centroamérica 1990-1991  
260 |a Guatemala:   |b FLACSO  
300 |a 95 p.  
999 |c 14265  |d 14265